Mexico national soccer team ( current squad ) - Statistics

General Stats
  • This quiz has been taken 131 times
  • The average score is 8 of 68
Answer Stats
Position Club Answer % Correct
Goalkeeper America Guillermo Ochoa
62%
Forward Wolverhampton Wanderers Raul Jimenez
59%
Forward Napoli Hirving Lozano
50%
Midfielder Betis Andres Guardado
39%
Forward Guadalajara Alexis Vega
38%
Forward LA Galaxy Javier Hernandez
37%
Midfielder Atletico Madrid Hector Herrera
36%
Midfielder Ajax Edson Alvarez
34%
Midfielder Betis Diego Lainez
30%
Defender Al-Gharafa Hector Moreno
26%
Midfielder PSV Erick Gutierrez
22%
Goalkeeper Leon Rodolfo Cota
21%
Midfielder Guadalajara Uriel Antuna
21%
Defender Monterey Cesar Montes
17%
Defender Celta Nestor Araujo
16%
Midfielder America Sebastian Cordova
16%
Defender UANL Carlos Salcedo
15%
Defender America Jorge Sanchez
15%
Midfielder Cruz Azul Roberto Alvarado
15%
Midfielder LA Galaxy Jonathan dos Santos
14%
Defender Cruz Azul Luis Romo
14%
Defender Monterey Jesus Gallardo
12%
Midfielder Cruz Azul Orbelin Pineda
12%
Goalkeeper Guadalajara Raul Gudino
12%
Midfielder Inter Miami Rodolfo Pizarro
12%
Midfielder Monterey Carlos Rodriguez
11%
Defender Monterey Miguel Layun
10%
Defender UANL Diego Reyes
9%
Forward Porto Jesus Manuel Corona
9%
Defender Pachuga Kevin Alvarez
9%
Defender UNAM Johan Vasquez
8%
Defender UNAM Alan Mozo
7%
Goalkeeper Necaxa Hugo Gonzalez
7%
Defender UANL Luis Rodriguez
7%
Midfielder Al-Sadd Marco Fabian
7%
Goalkeeper Cruz Azul Sebastian Jurado
7%
Defender Santos Laguna Gerardo Arteaga
6%
Goalkeeper Santos Laguna Jonathan Orozco
5%
Defender Guadalajara Cristian Calderon
3%
Defender Guadalajara Gilberto Sepulveda
3%
Forward Guadalajara Jose Juan Macias
3%
Midfielder Pachuga Erick Aguirre
2%
Defender Leon Fernando Navarro
2%
Defender Guadalajara Hiram Mier
2%
Midfielder Guadalajara Isaac Brizuela
2%
Goalkeeper Atlas Jose Hernandez
2%
Midfielder Leon Luis Montes
2%
Midfielder Pachuga Victor Guzman
2%
Defender Tijuana Aldo Cruz
1%
Midfielder Guadalajara Jose Juan Vazquez
1%
Forward Queretaro Paolo Yrizar
1%
Midfielder Atlas Ulises Cardona
1%
Defender Tijuana Vladimir Lorona
1%
Midfieder Santos Laguna Adrian Lozano
0%
Defender Toluca Adrian Mora
0%
Forward Toluca Alan Medina
0%
Midfielder Pachuga Eugenio Pizzuto
0%
Defender UANL Francisco Venegas
0%
Defender Atlas Ismael Govea
0%
Midfielder Atlas Jairo Torres
0%
Defender Atlas Jesus Alberto Angulo
0%
Forward Leon Jesus Godinez
0%
Midfielder Guadalajara Jesus Ricardo Angulo
0%
Midfielder Juarez Joaquin Esquivel
0%
Midfielder Monterey Jonathan Gonzalez
0%
Midfielder Leon Jose Ivan Rodriguez
0%
Forward Pachuga Roberto de la Rosa
0%
Midfielder Pachuga Tony Figueroa
0%
No matching quizzes found
Score Distribution
Percent of People with Each Score
Percentile by Number Answered
Your Score History
You have not taken this quiz